[Event "6. Torneo IRT Móstoles 2013"]
[Site "Madrid ESP"]
[Date "2013.07.16"]
[Round "1.24"]
[White "Ruiz Sanchez, Roberto"]
[Black "Zuazua Conde, Ivan Javier"]
[Result "1-0"]
[WhiteElo "1958"]
[BlackElo "1661"]
[PlyCount "43"]
[EventDate "2013.07.16"]
[EventType "swiss"]
[EventRounds "9"]
[EventCountry "ESP"]
[Source "lmi"]
[SourceDate "2013.07.15"]

1. e4 e5 2. Nf3 Nc6 3. Bb5 a6 4. Ba4 Nf6 5. O-O b5 6. Bb3 Be7 7. Re1 d6 8. c3
O-O 9. h3 Bb7 10. d4 Re8 11. Ng5 Rf8 12. f4 h6 13. Nf3 Nd7 14. a4 Bf6 15. axb5
axb5 16. Rxa8 Qxa8 17. dxe5 Be7 18. Na3 Qa5 19. e6 Nc5 20. exf7+ Kh8 21. Bd5
Nd8 22. b4 1-0

[Event "6. Torneo IRT Móstoles 2013"]
[Site "Madrid ESP"]
[Date "2013.07.16"]
[Round "1.25"]
[White "Barragan Panal, Juan Jose"]
[Black "Jordana Vargas, Julio"]
[Result "0-1"]
[WhiteElo "1637"]
[BlackElo "1943"]
[PlyCount "60"]
[EventDate "2013.07.16"]
[EventType "swiss"]
[EventRounds "9"]
[EventCountry "ESP"]
[Source "lmi"]
[SourceDate "2013.07.15"]

1. d4 Nf6 2. Nf3 d5 3. c4 e6 4. e3 Be7 5. Nc3 O-O 6. Bd3 a6 7. O-O dxc4 8. Bxc4
b5 9. Bd3 Bb7 10. b3 Nbd7 11. Bb2 c5 12. Rc1 cxd4 13. Nxd4 Qb6 14. Nce2 Rfd8
15. Ng3 Nc5 16. Bb1 e5 17. Qd2 exd4 18. Bxd4 Rxd4 19. exd4 Ne6 20. Qe3 Bd6 21.
Ne2 Re8 22. d5 Bc5 23. Qc3 Bxd5 24. b4 Bd6 25. Rfe1 Bc4 26. Qd2 Ng4 27. Rf1
Bxh2+ 28. Kh1 Bb8 29. Qc2 Ng5 30. Qf5 Qh6+ 0-1

[Event "6. Torneo IRT Móstoles 2013"]
[Site "Madrid ESP"]
[Date "2013.07.16"]
[Round "1.26"]
[White "Sotoca Aguado, Jose"]
[Black "Yaniz Lana, Francisco Javier"]
[Result "1-0"]
[WhiteElo "1928"]
[BlackElo "1605"]
[PlyCount "79"]
[EventDate "2013.07.16"]
[EventType "swiss"]
[EventRounds "9"]
[EventCountry "ESP"]
[Source "lmi"]
[SourceDate "2013.07.15"]

1. e4 c5 2. Nf3 d6 3. d4 Nf6 4. Nc3 cxd4 5. Nxd4 g6 6. Be3 Bg7 7. f3 O-O 8. Bc4
Nc6 9. Qd2 Bd7 10. O-O-O Rc8 11. Bb3 Ne5 12. h4 Nc4 13. Bxc4 Rxc4 14. h5 Qa5
15. Nb3 Qa6 16. hxg6 Rxc3 17. gxf7+ Kxf7 18. Qxc3 Nd5 19. Qxg7+ Kxg7 20. Rxd5
Rf6 21. Rdh5 Be6 22. Bd4 Bxb3 23. axb3 e5 24. Rxh7+ Kf8 25. Bc3 Rf7 26. R7h6
Ke7 27. Bxe5 Qa1+ 28. Kd2 Qa5+ 29. Bc3 Qg5+ 30. Kd3 Qxg2 31. Bd4 Rxf3+ 32. Be3
Qf2 33. Rh7+ Kd8 34. Rh8+ Kd7 35. R1h7+ Kc6 36. Rc8+ Kb5 37. Rxb7+ Ka6 38.
Rxa7+ Kb5 39. c4+ Kb4 40. Rb8# 1-0

[Event "6. Torneo IRT Móstoles 2013"]
[Site "Madrid ESP"]
[Date "2013.07.16"]
[Round "1.27"]
[White "Mateos Cordero, Francisco"]
[Black "De La Esperanza Martin, Alberto"]
[Result "0-1"]
[WhiteElo "1587"]
[BlackElo "1922"]
[PlyCount "66"]
[EventDate "2013.07.16"]
[EventType "swiss"]
[EventRounds "9"]
[EventCountry "ESP"]
[Source "lmi"]
[SourceDate "2013.07.15"]

1. d4 d5 2. c4 e6 3. Nf3 c6 4. Nc3 dxc4 5. a4 Bb4 6. e4 b5 7. Bd2 a5 8. axb5
Bxc3 9. bxc3 cxb5 10. g3 Nf6 11. Bg5 h6 12. Bh4 Qc7 13. Bxf6 gxf6 14. Bg2 Bb7
15. Nd2 Nd7 16. O-O Ke7 17. Qh5 Ba6 18. Rfb1 Rag8 19. f4 e5 20. fxe5 fxe5 21.
Rf1 f6 22. Bh3 Rg5 23. Qf3 Rf8 24. Bxd7 Kxd7 25. d5 Qc5+ 26. Kg2 a4 27. h4 Rg7
28. Qf5+ Kd8 29. Qe6 Bc8 30. Qc6 Rxg3+ 31. Kxg3 Qe3+ 32. Rf3 Rg8+ 33. Kh2 Qe2+
0-1

[Event "6. Torneo IRT Móstoles 2013"]
[Site "Madrid ESP"]
[Date "2013.07.16"]
[Round "1.28"]
[White "De La Orden Alcocer, Alejandro"]
[Black "Salgado Duarte, Pablo"]
[Result "1-0"]
[WhiteElo "1909"]
[BlackElo "1564"]
[PlyCount "77"]
[EventDate "2013.07.16"]
[EventType "swiss"]
[EventRounds "9"]
[EventCountry "ESP"]
[Source "lmi"]
[SourceDate "2013.07.15"]

1. c4 e5 2. Nc3 Nf6 3. Nf3 Nc6 4. g3 d6 5. d3 h6 6. Bg2 Be7 7. Rb1 Be6 8. O-O
O-O 9. b4 a6 10. a4 Re8 11. b5 Nb8 12. Qc2 axb5 13. axb5 Nbd7 14. Bb2 Nb6 15.
Nd2 Qc8 16. Ra1 Rb8 17. Rfc1 Bf5 18. Na4 Nxa4 19. Rxa4 Nd7 20. Nb3 Nb6 21. Ra7
c6 22. c5 Nd5 23. e4 Nb4 24. Qd2 Nxd3 25. Qxd3 Be6 26. cxd6 Bxb3 27. dxe7 Qe6
28. Rc3 Ba2 29. Ba3 cxb5 30. Qxb5 f5 31. exf5 Qxf5 32. Rf3 Qc2 33. Qd3 Qc7 34.
Qd6 Qc2 35. Rf8+ Kh7 36. Bf3 e4 37. Bg4 Qb1+ 38. Kg2 Bc4 39. Bf5+ 1-0

[Event "6. Torneo IRT Móstoles 2013"]
[Site "Madrid ESP"]
[Date "2013.07.16"]
[Round "1.29"]
[White "Estevez Sacristan, Deva"]
[Black "Garcia Fernandez, Jesus"]
[Result "0-1"]
[WhiteElo "1542"]
[BlackElo "1887"]
[PlyCount "98"]
[EventDate "2013.07.16"]
[EventType "swiss"]
[EventRounds "9"]
[EventCountry "ESP"]
[Source "lmi"]
[SourceDate "2013.07.15"]

1. e4 b6 2. d4 Bb7 3. Nc3 e6 4. Nf3 Bb4 5. Bd3 d5 6. e5 Bxc3+ 7. bxc3 c5 8. O-O
Ne7 9. Bf4 Nbc6 10. Re1 Ng6 11. Bg5 Qc7 12. h4 h6 13. h5 hxg5 14. hxg6 O-O-O
15. Nxg5 c4 16. Nxf7 cxd3 17. Nxh8 Rxh8 18. Qxd3 Na5 19. Re3 Nc4 20. Rh3 Rf8
21. Rf3 Qe7 22. g3 Rh8 23. Rf7 Qg5 24. Rxg7 Qh5 25. Rh7 Rxh7 26. gxh7 Nxe5 27.
dxe5 d4 28. Kf1 Bf3 29. Ke1 Qh1+ 30. Kd2 Qh6+ 31. Ke1 Qh1+ 32. Qf1 Qxh7 33.
Qc4+ Kb7 34. cxd4 Qe4+ 35. Kf1 Bg2+ 36. Kg1 Bh3 37. f3 Qxf3 38. Qf1 Qxg3+ 39.
Kh1 Bxf1 40. Rxf1 Qh4+ 41. Kg1 Qxd4+ 42. Rf2 Qxe5 43. Rf7+ Ka6 44. Rf2 Kb5 45.
Kf1 Qa1+ 46. Kg2 Qxa2 47. c3 Qxf2+ 48. Kxf2 Kc4 49. Ke3 Kxc3 0-1

[Event "6. Torneo IRT Móstoles 2013"]
[Site "Madrid ESP"]
[Date "2013.07.16"]
[Round "1.30"]
[White "Camarero Izquierdo, Juan Carlo"]
[Black "Gallego Romero, Manuel"]
[Result "1-0"]
[WhiteElo "1877"]
[BlackElo "1542"]
[PlyCount "39"]
[EventDate "2013.07.16"]
[EventType "swiss"]
[EventRounds "9"]
[EventCountry "ESP"]
[Source "lmi"]
[SourceDate "2013.07.15"]

1. d4 d5 2. Nc3 c6 3. e4 e6 4. e5 c5 5. dxc5 Bxc5 6. Qg4 Bf8 7. Bg5 Ne7 8.
O-O-O a6 9. Ne4 Qa5 10. Nd6+ Kd7 11. Kb1 h5 12. Qf3 f5 13. exf6 Kxd6 14. fxe7
Bxe7 15. Qg3+ Kd7 16. Bxe7 Qc7 17. Qxg7 Re8 18. Bh4+ Kc6 19. Qd4 Qb6 20. Qa4+
1-0

[Event "6. Torneo IRT Móstoles 2013"]
[Site "Madrid ESP"]
[Date "2013.07.16"]
[Round "1.31"]
[White "Cortijo Manso, Luis"]
[Black "Garrido Martin, Luis"]
[Result "1/2-1/2"]
[WhiteElo "1502"]
[BlackElo "1871"]
[PlyCount "94"]
[EventDate "2013.07.16"]
[EventType "swiss"]
[EventRounds "9"]
[EventCountry "ESP"]
[Source "lmi"]
[SourceDate "2013.07.15"]

1. d4 Nf6 2. Nf3 d5 3. g3 Bf5 4. Bg2 Qd7 5. O-O Bh3 6. Nbd2 Bxg2 7. Kxg2 Nc6 8.
c4 e6 9. a3 Be7 10. Qc2 Rd8 11. e3 O-O 12. cxd5 Qxd5 13. Qc4 Qd6 14. b4 a6 15.
Bb2 Rfe8 16. Rac1 Nd5 17. Ne4 Qd7 18. Nc5 Bxc5 19. bxc5 Nde7 20. Qc2 Ng6 21.
Qb3 Rb8 22. Qc3 f6 23. Rfd1 Nd8 24. e4 c6 25. Qb3 Nf7 26. d5 exd5 27. exd5 cxd5
28. Rxd5 Qe6 29. Rcd1 b6 30. cxb6 Rxb6 31. Qc2 Rc8 32. Qd2 Rcb8 33. Bc1 Rb3 34.
Re1 Qg4 35. Rd3 Rxd3 36. Qxd3 a5 37. Bd2 Rd8 38. Qc3 a4 39. Qe3 Nge5 40. h3 Qc4
41. Nxe5 Nxe5 42. Bb4 Qc6+ 43. Qe4 Qd7 44. Re2 h6 45. Rd2 Qc8 46. Rc2 Qd7 47.
Rd2 Qc8 1/2-1/2

[Event "6. Torneo IRT Móstoles 2013"]
[Site "Madrid ESP"]
[Date "2013.07.16"]
[Round "1.32"]
[White "Perez Cameselle, Francisco"]
[Black "Aguilera Lopez, Alejandro"]
[Result "1-0"]
[WhiteElo "1865"]
[BlackElo "1479"]
[PlyCount "65"]
[EventDate "2013.07.16"]
[EventType "swiss"]
[EventRounds "9"]
[EventCountry "ESP"]
[Source "lmi"]
[SourceDate "2013.07.15"]

1. Nf3 c5 2. g3 Nc6 3. Bg2 Nf6 4. O-O g6 5. d3 Bg7 6. e4 d6 7. Nbd2 O-O 8. c3
Bg4 9. h3 Bxf3 10. Qxf3 Nd7 11. Qe2 Rc8 12. f4 b5 13. Nf3 a6 14. Be3 Nb6 15.
Rac1 c4 16. d4 d5 17. e5 e6 18. g4 Ne7 19. Nh4 Nc6 20. Bf2 b4 21. f5 exf5 22.
gxf5 Re8 23. fxg6 hxg6 24. Qg4 Re6 25. Nf3 Bh6 26. Rce1 Na4 27. Be3 Qf8 28.
Bxh6 Qxh6 29. Ng5 Rce8 30. Nxf7 Qg7 31. Bxd5 R6e7 32. Nd6+ Kh8 33. Nxe8 1-0

[Event "6. Torneo IRT Móstoles 2013"]
[Site "Madrid ESP"]
[Date "2013.07.16"]
[Round "1.33"]
[White "Benitez Robles, Antonio"]
[Black "Lozano Sanchez, Jose Antonio"]
[Result "0-1"]
[WhiteElo "1470"]
[BlackElo "1863"]
[PlyCount "42"]
[EventDate "2013.07.16"]
[EventType "swiss"]
[EventRounds "9"]
[EventCountry "ESP"]
[Source "lmi"]
[SourceDate "2013.07.15"]

1. e4 e5 2. Nf3 Nc6 3. Bb5 Bc5 4. Bxc6 dxc6 5. O-O Bg4 6. h3 Bh5 7. c3 Qf6 8.
d4 Bxf3 9. gxf3 exd4 10. cxd4 Bxd4 11. f4 O-O-O 12. Qg4+ Kb8 13. Kh2 h5 14. Qg3
Ne7 15. a4 Qe6 16. f3 Qc4 17. Qg2 Ng6 18. Nd2 Qd3 19. Ra3 Qa6 20. Nb3 Nh4 21.
Qh1 Qe2+ 0-1

[Event "6. Torneo IRT Móstoles 2013"]
[Site "Madrid ESP"]
[Date "2013.07.16"]
[Round "1.34"]
[White "Cano Mercado, Francisco Manuel"]
[Black "Herreros Ruiz, Jorge Alejandro"]
[Result "1-0"]
[WhiteElo "1862"]
[BlackElo "1461"]
[PlyCount "85"]
[EventDate "2013.07.16"]
[EventType "swiss"]
[EventRounds "9"]
[EventCountry "ESP"]
[Source "lmi"]
[SourceDate "2013.07.15"]

1. d4 Nf6 2. Bg5 e6 3. Nf3 d5 4. Nbd2 Nbd7 5. e3 Bd6 6. c4 c6 7. cxd5 exd5 8.
Bd3 h6 9. Bh4 O-O 10. Rb1 Re8 11. O-O Qc7 12. Bg3 Bxg3 13. hxg3 Ne4 14. b4 Nc3
15. Qc2 Nxb1 16. Rxb1 b6 17. Qb3 Bb7 18. Nh4 Nf6 19. Qc2 Bc8 20. Nhf3 Nd7 21.
Nb3 Bb7 22. g4 Rac8 23. Bf5 Rcd8 24. g5 h5 25. Nbd2 Nf8 26. Ne5 g6 27. Bd3 Rd6
28. Ndf3 Kg7 29. a4 Nd7 30. a5 b5 31. Bxb5 Rc8 32. Bd3 Nxe5 33. Nxe5 a6 34. Qe2
Ra8 35. Re1 Qe7 36. f4 Qe8 37. Qf3 Rc8 38. f5 Rb8 39. Rf1 Bc8 40. fxg6 fxg6 41.
Qg3 Rxb4 42. Nf7 Re6 43. Qf4 1-0

[Event "6. Torneo IRT Móstoles 2013"]
[Site "Madrid ESP"]
[Date "2013.07.16"]
[Round "1.35"]
[White "Jimenez Gallego, Rafael"]
[Black "Molina Garcia, Francisco J"]
[Result "0-1"]
[WhiteElo "1442"]
[BlackElo "1853"]
[PlyCount "74"]
[EventDate "2013.07.16"]
[EventType "swiss"]
[EventRounds "9"]
[EventCountry "ESP"]
[Source "lmi"]
[SourceDate "2013.07.15"]

1. e4 c5 2. Nf3 d6 3. Nc3 Nf6 4. Bc4 e6 5. O-O Be7 6. d4 cxd4 7. Qxd4 O-O 8. h3
Nc6 9. Qd3 a6 10. a3 Qc7 11. b4 b5 12. Bb3 Bb7 13. Bd2 Rfc8 14. Nd4 Nxd4 15.
Qxd4 Nd7 16. Nxb5 axb5 17. Qd3 Qc6 18. Rfe1 Ne5 19. Qg3 Bf6 20. Rac1 Nc4 21.
Bxc4 Qxc4 22. c3 Bxe4 23. Qxd6 Qd5 24. Qf4 Bxg2 25. Qg4 Bxh3 26. Qxh3 Qxd2 27.
Qe3 Qxe3 28. fxe3 Rxc3 29. Rxc3 Bxc3 30. Re2 Rd8 31. Rc2 Rd1+ 32. Kg2 Rd2+ 33.
Rxd2 Bxd2 34. e4 Bc1 35. a4 bxa4 36. b5 Be3 37. Kf3 Bc5 0-1

[Event "6. Torneo IRT Móstoles 2013"]
[Site "Madrid ESP"]
[Date "2013.07.16"]
[Round "1.36"]
[White "Morera Rodriguez, Ignacio"]
[Black "Martin Rodriguez, Jose Luis"]
[Result "1-0"]
[WhiteElo "1850"]
[BlackElo "1430"]
[PlyCount "115"]
[EventDate "2013.07.16"]
[EventType "swiss"]
[EventRounds "9"]
[EventCountry "ESP"]
[Source "lmi"]
[SourceDate "2013.07.15"]

1. d4 Nf6 2. c4 e6 3. Nf3 Bb4+ 4. Bd2 Qe7 5. g3 c5 6. Bxb4 cxb4 7. Bg2 O-O 8.
O-O Nc6 9. Nbd2 d5 10. cxd5 exd5 11. h3 h6 12. e3 Bf5 13. Rc1 Qd7 14. Kh2 Rfe8
15. Nb3 b6 16. Qe2 a6 17. Na1 b5 18. Nb3 Qd6 19. Nc5 Ra7 20. Nd3 Ne4 21. Nfe5
Nxe5 22. Nxe5 Rxe5 23. dxe5 Qxe5 24. Rfd1 Be6 25. Rd4 Rc7 26. Rxc7 Qxc7 27.
Bxe4 dxe4 28. Rxe4 Bc4 29. Qd2 Qc6 30. Qd8+ Kh7 31. Qe8 Qxe8 32. Rxe8 Bxa2 33.
Ra8 Bc4 34. Rxa6 f5 35. Rb6 Ba2 36. Kg2 g6 37. Rb7+ Kg8 38. f3 Kf8 39. Kf2 Bc4
40. Ke1 g5 41. Rh7 f4 42. Rxh6 fxe3 43. Re6 e2 44. Rxe2 Bxe2 45. Kxe2 Ke7 46.
Ke3 Kf6 47. Kd4 Ke6 48. f4 gxf4 49. gxf4 Kf6 50. h4 Ke6 51. h5 Kf6 52. h6 Kg6
53. Ke5 Kxh6 54. Kf6 Kh7 55. Kf7 Kh8 56. f5 Kh7 57. f6 Kh6 58. Ke8 1-0

[Event "6. Torneo IRT Móstoles 2013"]
[Site "Madrid ESP"]
[Date "2013.07.16"]
[Round "1.37"]
[White "Barragan Arriaza, Pablo"]
[Black "Rodriguez Orgaz, Cesar"]
[Result "0-1"]
[WhiteElo "1308"]
[BlackElo "1850"]
[PlyCount "67"]
[EventDate "2013.07.16"]
[EventType "swiss"]
[EventRounds "9"]
[EventCountry "ESP"]
[Source "lmi"]
[SourceDate "2013.07.15"]

1. c4 e6 2. g3 Nf6 3. Bg2 d5 4. cxd5 exd5 5. Nc3 c6 6. d4 Bf5 7. e3 Nbd7 8.
Nge2 Bd6 9. O-O O-O 10. b3 a5 11. Bb2 Re8 12. Rc1 Qe7 13. Qd2 Bb4 14. Nf4 a4
15. a3 Bxc3 16. Qxc3 Ne4 17. Bxe4 Bxe4 18. bxa4 g5 19. Ng2 Qf6 20. f3 Bxf3 21.
h3 h5 22. g4 hxg4 23. hxg4 Re4 24. Rc2 Rxg4 25. Rcf2 Rg3 26. Kh2 Qd6 27. Kg1 g4
28. Qb3 Kg7 29. Bc1 Nf6 30. Qxb7 Rb8 31. Qa6 Ne4 32. Rc2 Rxg2+ 33. Rxg2 Bxg2
34. Rf2 0-1

[Event "6. Torneo IRT Móstoles 2013"]
[Site "Madrid ESP"]
[Date "2013.07.17"]
[Round "2.1"]
[White "Arribas Lopez, Angel"]
[Black "Cano Cabanillas, Javier"]
[Result "1-0"]
[WhiteElo "2494"]
[BlackElo "1991"]
[PlyCount "53"]
[EventDate "2013.07.16"]
[EventType "swiss"]
[EventRounds "9"]
[EventCountry "ESP"]
[Source "lmi"]
[SourceDate "2013.07.15"]

1. e4 d5 2. exd5 Qxd5 3. d4 Nc6 4. Nf3 Bg4 5. Be2 O-O-O 6. c4 Qd7 7. d5 Bxf3 8.
gxf3 Ne5 9. Qd4 Qf5 10. f4 Nc6 11. Qc3 Nb8 12. Rg1 Nf6 13. Na3 e6 14. Rg5 Qe4
15. f3 Nxd5 16. Rxd5 Qg6 17. Rxd8+ Kxd8 18. Be3 Nc6 19. O-O-O+ Kc8 20. c5 Be7
21. Nc4 Qg2 22. Rd2 Bh4 23. Bd1 Qg6 24. Ne5 Nxe5 25. Qxe5 Be1 26. Re2 Ba5 27.
Bc2 1-0

[Event "6. Torneo IRT Móstoles 2013"]
[Site "Madrid ESP"]
[Date "2013.07.17"]
[Round "2.2"]
[White "Fernandez Garcia, Javier"]
[Black "Almagro Llamas, Pablo"]
[Result "0-1"]
[WhiteElo "1980"]
[BlackElo "2473"]
[PlyCount "50"]
[EventDate "2013.07.16"]
[EventType "swiss"]
[EventRounds "9"]
[EventCountry "ESP"]
[Source "lmi"]
[SourceDate "2013.07.15"]

1. d4 Nf6 2. Nf3 e6 3. e3 c5 4. Bd3 Nc6 5. O-O d5 6. b3 Be7 7. Bb2 O-O 8. Nbd2
a6 9. Ne5 Qc7 10. a3 b5 11. Nxc6 Qxc6 12. dxc5 Qxc5 13. e4 Bb7 14. Qe2 dxe4 15.
Nxe4 Nxe4 16. Bxe4 Bxe4 17. Qxe4 Rac8 18. Qg4 Qg5 19. Qe2 Qf5 20. Rac1 Bg5 21.
f4 Bxf4 22. Rxf4 Qxf4 23. Rf1 Qg5 24. Bd4 e5 25. Be3 Qg6 0-1

[Event "6. Torneo IRT Móstoles 2013"]
[Site "Madrid ESP"]
[Date "2013.07.17"]
[Round "2.3"]
[White "Hernando Pertierra, Jose C"]
[Black "Pablos Tenrero, Raquel"]
[Result "1-0"]
[WhiteElo "2359"]
[BlackElo "1982"]
[PlyCount "50"]
[EventDate "2013.07.16"]
[EventType "swiss"]
[EventRounds "9"]
[EventCountry "ESP"]
[Source "lmi"]
[SourceDate "2013.07.15"]

1. Nf3 Nf6 2. c4 e6 3. e3 b6 4. b3 Bb7 5. Bb2 Be7 6. d4 d6 7. Bd3 Ne4 8. Nc3
Nxc3 9. Bxc3 O-O 10. Qc2 h6 11. e4 c5 12. O-O cxd4 13. Nxd4 Bf6 14. Rad1 Qe7
15. Nb5 Bxc3 16. Qxc3 Rd8 17. Bc2 a6 18. Nd4 Nd7 19. Rd2 Nc5 20. Qe3 Qc7 21.
Rfd1 d5 22. cxd5 exd5 23. exd5 Bxd5 24. Nf5 Be6 25. Qg3 Rxd2 1-0

[Event "6. Torneo IRT Móstoles 2013"]
[Site "Madrid ESP"]
[Date "2013.07.17"]
[Round "2.4"]
[White "Jordana Vargas, Julio"]
[Black "Renteria, Jorge"]
[Result "0-1"]
[WhiteElo "1943"]
[BlackElo "2321"]
[PlyCount "78"]
[EventDate "2013.07.16"]
[EventType "swiss"]
[EventRounds "9"]
[EventCountry "ESP"]
[Source "lmi"]
[SourceDate "2013.07.15"]

1. c4 Nf6 2. Nf3 g6 3. g3 Bg7 4. Bg2 O-O 5. O-O d6 6. d4 c6 7. Nc3 Qb6 8. Qb3
Nbd7 9. Rd1 e5 10. dxe5 dxe5 11. Be3 Qc7 12. h3 Re8 13. Ng5 Nf8 14. Nce4 Nxe4
15. Nxe4 Ne6 16. Rd2 Nd4 17. Qa3 Be6 18. c5 h6 19. Rad1 Red8 20. Bxd4 exd4 21.
b4 a5 22. b5 cxb5 23. Nd6 b4 24. Qd3 Rab8 25. Qb5 b6 26. Ne4 f5 27. cxb6 Rxb6
28. Qc5 Qb8 29. Qxa5 fxe4 30. Bxe4 Bxh3 31. Rc1 Re8 32. Bf3 Bf5 33. g4 Be6 34.
Rdc2 Rb5 35. Qa6 Rg5 36. Kf1 h5 37. Rc6 Qf4 38. Rd1 Bxg4 39. Qc4+ Kh7 0-1

[Event "6. Torneo IRT Móstoles 2013"]
[Site "Madrid ESP"]
[Date "2013.07.17"]
[Round "2.5"]
[White "Sanchez Gonzalez, Sergio"]
[Black "Ruiz Sanchez, Roberto"]
[Result "1-0"]
[WhiteElo "2304"]
[BlackElo "1958"]
[PlyCount "47"]
[EventDate "2013.07.16"]
[EventType "swiss"]
[EventRounds "9"]
[EventCountry "ESP"]
[Source "lmi"]
[SourceDate "2013.07.15"]

1. Nf3 Nf6 2. c4 c6 3. g3 d5 4. b3 Bf5 5. Bg2 e6 6. O-O Be7 7. d3 h6 8. Nbd2
O-O 9. Bb2 Nbd7 10. Re1 Bg6 11. a3 a5 12. e4 Nc5 13. Ne5 Bh5 14. g4 Bg6 15. b4
Na4 16. exd5 exd5 17. b5 cxb5 18. cxd5 Nc5 19. Qe2 Re8 20. d4 Na4 21. Qxb5 Nxb2
22. Qxb2 Rb8 23. h3 b5 24. Nc6 1-0

[Event "6. Torneo IRT Móstoles 2013"]
[Site "Madrid ESP"]
[Date "2013.07.17"]
[Round "2.6"]
[White "De La Esperanza Martin, Alberto"]
[Black "De La Fuente Gonzalez, Francis"]
[Result "0-1"]
[WhiteElo "1922"]
[BlackElo "2197"]
[PlyCount "80"]
[EventDate "2013.07.16"]
[EventType "swiss"]
[EventRounds "9"]
[EventCountry "ESP"]
[Source "lmi"]
[SourceDate "2013.07.15"]

1. e4 c5 2. Ne2 e6 3. d4 cxd4 4. Nxd4 a6 5. Nc3 b5 6. a3 Bb7 7. Be2 d6 8. Be3
Nf6 9. f3 Nbd7 10. O-O Be7 11. Qd2 Rc8 12. Rad1 O-O 13. Kh1 Ne5 14. Bd3 d5 15.
f4 Nxd3 16. Qxd3 Nxe4 17. Nxe4 dxe4 18. Qe2 Bd5 19. Qg4 f5 20. Qh5 Qe8 21. Qh3
Qg6 22. g3 h5 23. Rg1 Rc4 24. Rd2 Bc5 25. c3 Bxd4 26. cxd4 Rfc8 27. Rgd1 Rc2
28. Kg1 Rxd2 29. Rxd2 Rc1+ 30. Kf2 Bc4 31. Qh4 Rf1+ 32. Kg2 Rf3 33. Bg1 Bf1+
34. Kh1 e3 35. Rc2 Bc4 36. Kg2 Bd5 37. Kh3 Qg4+ 38. Qxg4 hxg4+ 39. Kh4 Bc4 40.
b3 e2 0-1

[Event "6. Torneo IRT Móstoles 2013"]
[Site "Madrid ESP"]
[Date "2013.07.17"]
[Round "2.7"]
[White "Fernandez Blazquez, Diego"]
[Black "Sotoca Aguado, Jose"]
[Result "1-0"]
[WhiteElo "2195"]
[BlackElo "1928"]
[PlyCount "77"]
[EventDate "2013.07.16"]
[EventType "swiss"]
[EventRounds "9"]
[EventCountry "ESP"]
[Source "lmi"]
[SourceDate "2013.07.15"]

1. d4 Nf6 2. c4 e6 3. g3 d5 4. Bg2 Bb4+ 5. Bd2 Bxd2+ 6. Nxd2 O-O 7. Ngf3 Nbd7
8. O-O c6 9. Qc2 Qe7 10. e4 b6 11. e5 Nh5 12. cxd5 cxd5 13. Qa4 Nb8 14. Rfc1
Bd7 15. Qb3 Nc6 16. Qd3 f5 17. Bf1 f4 18. Qa3 Qxa3 19. bxa3 fxg3 20. hxg3 g6
21. Rc3 a6 22. Rac1 Rfc8 23. Nb3 Ng7 24. Bd3 Nf5 25. Bxf5 gxf5 26. Ng5 Ne7 27.
Rc7 Rxc7 28. Rxc7 Rd8 29. Nxe6 Bxe6 30. Rxe7 Bd7 31. Nd2 Bb5 32. Nf3 Rc8 33.
Ng5 Rc1+ 34. Kg2 h6 35. Nh7 Bd3 36. e6 Be4+ 37. f3 Rc2+ 38. Kh3 Bxf3 39. Nf6+
1-0

[Event "6. Torneo IRT Móstoles 2013"]
[Site "Madrid ESP"]
[Date "2013.07.17"]
[Round "2.8"]
[White "Garcia Fernandez, Jesus"]
[Black "Garcia Diaz, Victor"]
[Result "0-1"]
[WhiteElo "1887"]
[BlackElo "2160"]
[PlyCount "70"]
[EventDate "2013.07.16"]
[EventType "swiss"]
[EventRounds "9"]
[EventCountry "ESP"]
[Source "lmi"]
[SourceDate "2013.07.15"]

1. e4 c5 2. Nc3 a6 3. a4 Nc6 4. f4 g6 5. Nf3 Bg7 6. Bc4 e6 7. f5 Nge7 8. fxe6
fxe6 9. d3 d5 10. Ba2 O-O 11. O-O h6 12. Qe1 Nd4 13. Bb1 Bd7 14. Ne2 Nxf3+ 15.
gxf3 dxe4 16. dxe4 e5 17. Qg3 Kh7 18. Ra3 c4 19. Kh1 b5 20. axb5 axb5 21. Rxa8
Qxa8 22. c3 Qa4 23. Be3 Qa1 24. Bc5 Qxb2 25. Qf2 Rf7 26. Rg1 Ng8 27. h4 Rf6 28.
Qg2 Be8 29. f4 exf4 30. Qf3 h5 31. Nd4 Nh6 32. e5 Ra6 33. Qe4 Qxc3 34. Nf3 Ng4
35. Qb7 Bc6 0-1

[Event "6. Torneo IRT Móstoles 2013"]
[Site "Madrid ESP"]
[Date "2013.07.17"]
[Round "2.9"]
[White "Dominguez Alcon, Victor"]
[Black "De La Orden Alcocer, Alejandro"]
[Result "1-0"]
[WhiteElo "2139"]
[BlackElo "1909"]
[PlyCount "82"]
[EventDate "2013.07.16"]
[EventType "swiss"]
[EventRounds "9"]
[EventCountry "ESP"]
[Source "lmi"]
[SourceDate "2013.07.15"]

1. e4 c5 2. Nf3 d6 3. d4 cxd4 4. Nxd4 Nf6 5. Nc3 g6 6. Be3 Bg7 7. f3 a6 8. Qd2
Nbd7 9. O-O-O h6 10. h4 h5 11. Bc4 Qc7 12. Bb3 b5 13. g4 Nb6 14. gxh5 Rxh5 15.
Qf2 Nc4 16. Bg5 Bb7 17. Rhe1 Rc8 18. Bxc4 Qxc4 19. Nb3 Nh7 20. Be3 Bxc3 21.
bxc3 Qxc3 22. Bd4 Qc7 23. Bb6 Qb8 24. Ba7 Qc7 25. Bb6 Qb8 26. Bd4 Nf8 27. f4
Qc7 28. Rd3 Ne6 29. Bb2 Nc5 30. Rde3 Bxe4 31. Rc3 Qb7 32. Qd4 Nxb3+ 33. axb3
Rxc3 34. Bxc3 d5 35. Ba5 Qc8 36. Re2 Rxh4 37. Qg7 Rxf4 38. Rh2 Kd7 39. Qd4 Rh4
40. Qa7+ Ke8 41. Bb4 Kf8 1-0

[Event "6. Torneo IRT Móstoles 2013"]
[Site "Madrid ESP"]
[Date "2013.07.17"]
[Round "2.10"]
[White "Lozano Sanchez, Jose Antonio"]
[Black "Rodriguez De Castro, Ayar"]
[Result "1/2-1/2"]
[WhiteElo "1863"]
[BlackElo "2129"]
[PlyCount "108"]
[EventDate "2013.07.16"]
[EventType "swiss"]
[EventRounds "9"]
[EventCountry "ESP"]
[Source "lmi"]
[SourceDate "2013.07.15"]

1. e4 e6 2. Nf3 d5 3. exd5 exd5 4. d4 Nf6 5. Bf4 c6 6. Bd3 Be7 7. Nbd2 Bg4 8.
h3 Bh5 9. c3 Nbd7 10. Qc2 Bg6 11. Ne5 Bxd3 12. Qxd3 O-O 13. O-O Nxe5 14. Bxe5
Nd7 15. Bg3 Re8 16. Rfe1 Bf8 17. Nf3 Qf6 18. Re2 Rxe2 19. Qxe2 Qf5 20. Re1 Nf6
21. Qe5 Qxe5 22. Bxe5 Ne4 23. Kf1 f6 24. Bh2 Re8 25. Re2 Kf7 26. Nd2 g6 27. f3
Nxd2+ 28. Rxd2 Bh6 29. Re2 Re6 30. Rxe6 Kxe6 31. Ke2 Bc1 32. b3 Kf5 33. g3 h5
34. Bg1 Bb2 35. Kd3 h4 36. Bh2 hxg3 37. Bxg3 Bc1 38. Ke2 Bf4 39. Bf2 Kg5 40.
Kd3 Bc7 41. Ke3 Ba5 42. f4+ Kf5 43. Be1 Bc7 44. Bg3 Bd6 45. Kf3 Ba3 46. Bf2 Bb2
47. c4 Bc1 48. Be3 Ba3 49. Bd2 Bd6 50. Be3 Bc7 51. Bd2 dxc4 52. bxc4 b5 53. d5
bxc4 54. dxc6 Bb6 1/2-1/2